Los aljibes de La Roca / (Registro nro. 18743)
[ vista simple ]
| 000 -CABECERA | |
|---|---|
| Campo de control | 01136nam a2200301 4500 |
| 005 - FECHA Y HORA DE LA ULTIMA TRANSACCION | |
| Campo de control | 20180803170306.0 |
| 008 - ELEMENTOS DE LONGITUD FIJA—INFORMACION GENERAL | |
| Campo de control | 160525s2015 ck ad|||r|||| 00| 0 spa d |
| 020 ## - ISBN | |
| ISBN | 9789589365809 |
| 040 ## - FUENTE DE CATALOGACIÓN | |
| Agencia catalogadora original | CO-BoIAVH |
| Agencia transcriptora | CO-BoIAVH |
| 041 0# - IDIOMA | |
| Código de idioma para texto/pista de sonido o título separado | Español |
| 044 ## - PAÍS DE PUBLICACIÓN | |
| País de publicación | Colombia |
| 082 04 - NUMERO DE CLASIFICACION DECIMAL DEWEY | |
| Número de clasificación | 577.38071 |
| Número del ítem | P98a4 |
| 100 1# - ASIENTO PRINCIPAL--NOMBRE PERSONAL | |
| Nombre personal | Pulido, Uriel Octavio |
| Término relacionado | autor |
| 9 (RLIN) | 70752 |
| 245 14 - MENCION DE TITULO | |
| Título | Los aljibes de La Roca / |
| Mención de responsabilidad | Uriel Octavio Pulido [y otros 4] |
| 260 ## - PUBLICACION, DISTRIBUCION, ETC. (PIE DE IMPRENTA) | |
| Lugar de publicación, distribución, etc. | Bogotá : |
| Nombre del editor, distribuidor, etc. | Tropenbos Internacional Colombia : |
| -- | UICN Sur ; |
| Fecha de publicación, distribución, etc. | 2015. |
| 300 ## - DESCRIPCION FISICA | |
| Extensión | 43 páginas : |
| Otros detalles físicos | ilustraciones a color y tablas ; |
| Dimensiones | 17 x 22 cm. |
| 500 ## - NOTA GENERAL | |
| Nota general | Proyecto comunidades de los páramos, fortaleciendo las capacidades y la coordinación para la adaptación a los efectos del cambio climático. |
| 650 14 - ASIENTO SECUNDARIO DE MATERIA - TERMINO TEMATICO | |
| Término temático o nombre geográfico como elemento de entrada | Aljibes |
| 9 (RLIN) | 70753 |
| 650 24 - ASIENTO SECUNDARIO DE MATERIA - TERMINO TEMATICO | |
| Término temático o nombre geográfico como elemento de entrada | Nacimiento agua |
| 9 (RLIN) | 55211 |
| 650 26 - ASIENTO SECUNDARIO DE MATERIA - TERMINO TEMATICO | |
| Término temático o nombre geográfico como elemento de entrada | Fauna |
| 9 (RLIN) | 92594 |
| 650 26 - ASIENTO SECUNDARIO DE MATERIA - TERMINO TEMATICO | |
| Término temático o nombre geográfico como elemento de entrada | Flora |
| 9 (RLIN) | 92293 |
| 662 ## - ASIENTO SECUNDARIO DE MATERIA - JERARQUIA DEL NOMBRE DE LUGAR( | |
| País o entidad mayor | Colombia |
| Jurisdicción política de primer orden | Páramo de Chingaza |
| 700 1# - ASIENTO SECUNDARIO - NOMBRE PERSONAL | |
| Nombre personal | Pulido, José Albeiro |
| Término de relación | autor |
| 9 (RLIN) | 70756 |
| 700 1# - ASIENTO SECUNDARIO - NOMBRE PERSONAL | |
| Nombre personal | García, Fredy Yamith |
| Término de relación | autor |
| 9 (RLIN) | 70757 |
| 700 1# - ASIENTO SECUNDARIO - NOMBRE PERSONAL | |
| Nombre personal | Raigoso, Eduar Mauricio |
| Término de relación | autor |
| 9 (RLIN) | 70758 |
| 700 1# - ASIENTO SECUNDARIO - NOMBRE PERSONAL | |
| Nombre personal | Raigozo, Catalina |
| Término de relación | autora |
| 9 (RLIN) | 70759 |
| 942 ## - ELEMENTOS ADICIONALES (KOHA) | |
| Sistema de clasificación | Dewey Decimal Classification |
| Tipo de ítem | Libro |
| Withdrawn status | Lost status | Sistema de Clasificación | Damaged status | No para préstamo | Colección | Inventariado | Ubicación Permanente | Ubicación actual | Fecha de adquisición | Fuente de Valor | Valor | Total Checkouts | Número topográfico | Inventario / Código de Barras | Date last seen | Ejemplar | Price effective from | Forma de adquisición | Tipo de material |
|---|---|---|---|---|---|---|---|---|---|---|---|---|---|---|---|---|---|---|---|
| Dewey Decimal Classification | General | Inventariado 2017 | Bogotá | Bogotá | 25/05/2016 | Instituto | 39000.00 | LB-577.38071 P98a4 | 040391 | 25/05/2016 | Ej. 1 | 25/05/2016 | Donación | Libro | |||||
| Dewey Decimal Classification | General | Bogotá | Bogotá | 13/11/2019 | LB-577.38071 P98a4 | 043787 | 13/11/2019 | Ej.3 | 13/11/2019 | Donación | Libro | ||||||||
| Dewey Decimal Classification | General | Inventariado 2017 | Sala Fabio Quevedo | Sala Fabio Quevedo | 25/05/2016 | Instituto | 39000.00 | LB-577.38071 P98a4 | 040392 | 25/05/2016 | Ej. 2 | 25/05/2016 | Donación | Libro |